00000000cam 2200000zi 4500
0019.962818
003CaOODSP
00520260515083642
006m     o  d f      
007cr mn|||||||||
008260515s1984    oncd    ob   f000 0 fre d
040 |aCaOODSP|bfre|erda|cCaOODSP
043 |an-cn---
0861 |aJS4-1/1984-86F-PDF
1001 |aTellier, Marie-Claude, |eauteur.
24510|aIsolement protecteur : |bmalaise dans le système carcéral / |cMarie-Claude Tellier et J. Stephen Wormith et Paul Gendreau.
264 1|a[Ottawa] : |bMinistère du Solliciteur général du Canada, Secrétariat, Direction des programmes, |c1984.
300 |a1 ressource en ligne (ii, 72 pages) : |bgraphiques.
336 |atexte|btxt|2rdacontent/fre
337 |ainformatique|bc|2rdamedia/fre
338 |aressource en ligne|bcr|2rdacarrier/fre
4901 |aDirection des programmes - rapport pour spécialistes ; |vno. 1984-86
500 |aÉdition numérisée de l'imprimée [par Sécurité publique Canada].
500 |aPublié aussi en anglais sous le titre : Protective custody : the emerging crisis within the prison system.
500 |a« Ce document de travail a été rédigé par un sous-traitant pour le compte de la division de la recherche en 1984 et est disponible tel qu'il a été présenté au Ministère. Les opinions exprimées sont celles de l'auteur et ne représentent pas nécessairement l'opinion du ministère du Solliciteur général du Canada. »
504 |aComprend des références bibliographiques (pages [68]-72).
5203 |a« Le présent document fait une revue détaillée de la littérature relative à l'isolement protecteur. Il examine les lignes de conduite et les méthodes suivies par deux juridictions, le Service correctionnel du Canada et le Ministère des Services correctionnels de l'Ontario. Il fait aussi le profil du détenu en isolement protecteur. D'autres questions sont abordées: la façon dont vivent les détenus dans les établissements d'isolement protecteur, la qualité de l'environnement, les droits de la personne, et les attitudes du personnel. Enfin, le document examine les moyens qui permettraient d'exercer un meilleur contrôle sur l'effectif de l'isolement protecteur » -- Résumé, page ii.
650 6|aGarde préventive|xPolitique gouvernementale|zCanada.
650 6|aPrisons|xAdministration|zCanada.
650 6|aServices correctionnels|xPersonnel|zCanada|xAttitudes.
7101 |aCanada. |bSolliciteur général Canada.|bDirection des programmes, |eorganisme de publication.
77508|tProtective custody : |w(CaOODSP)9.962812
830#0|aRapport pour spécialistes (Canada. Solliciteur général Canada)|vno. 1984-86.|w(CaOODSP)9.808484
85640|qPDF|s801 Ko|uhttps://publications.gc.ca/collections/collection_2026/sp-ps/js4-1/JS4-1-1984-86-fra.pdf